[Event "DEM U18w 2023"]
[Site "Willingen GER"]
[Date "2023.06.01"]
[Round "7"]
[White "Kalina, Lena"]
[Black "Derling, Charlotte"]
[Result "1/2-1/2"]
[Termination "normal"]
[Board "7"]
[WhiteElo "1776"]
[BlackElo "1664"]
[WhiteClock "00:02:44"]
[BlackClock "00:04:13"]
[PlyCount "112"]
[WhiteFideId "12988014"]
[BlackFideId "16222237"]
[EventCountry "GER"]
[EventRounds "9"]
[EventType "swiss"]
[EventDate "2023.05.27"]

1. d4 {[%clk 01:30:57]} {[%emt 00:00:03]} Nf6 {[%clk 01:30:50]} {[%emt
00:00:11]} 2. c4 {[%clk 01:31:21]} {[%emt 00:00:06]} g6 {[%clk 01:31:09]}
{[%emt 00:00:11]} 3. Nf3 {[%clk 01:31:40]} {[%emt 00:00:11]} Bg7 {[%clk
01:31:28]} {[%emt 00:00:10]} 4. g3 {[%clk 01:31:58]} {[%emt 00:00:13]} O-O
{[%clk 01:31:21]} {[%emt 00:00:37]} 5. Bg2 {[%clk 01:32:01]} {[%emt 00:00:26]}
d6 {[%clk 01:31:36]} {[%emt 00:00:15]} 6. Nc3 {[%clk 01:31:44]} {[%emt
00:00:48]} c6 {[%clk 01:31:25]} {[%emt 00:00:42]} 7. O-O {[%clk 01:30:44]}
{[%emt 00:01:29]} Qa5 {[%clk 01:30:40]} {[%emt 00:01:15]} 8. h3 {[%clk
01:15:59]} {[%emt 00:15:15]} e5 {[%clk 01:27:28]} {[%emt 00:03:41]} 9. e4
{[%clk 01:11:44]} {[%emt 00:04:46]} Nbd7 {[%clk 01:24:51]} {[%emt 00:03:07]}
10. Be3 {[%clk 01:06:35]} {[%emt 00:05:39]} Re8 {[%clk 01:07:09]} {[%emt
00:18:11]} 11. a3 {[%clk 00:51:32]} {[%emt 00:15:33]} Qc7 {[%clk 01:04:27]}
{[%emt 00:03:11]} 12. Rc1 {[%clk 00:46:26]} {[%emt 00:05:38]} exd4 {[%clk
01:01:17]} {[%emt 00:03:40]} 13. Nxd4 {[%clk 00:45:53]} {[%emt 00:01:02]} Nc5
{[%clk 00:58:54]} {[%emt 00:02:53]} 14. Qc2 {[%clk 00:43:29]} {[%emt 00:02:54]}
Ne6 {[%clk 00:48:08]} {[%emt 00:11:16]} 15. Rfd1 {[%clk 00:37:35]} {[%emt
00:06:24]} Nxd4 {[%clk 00:37:43]} {[%emt 00:10:56]} 16. Bxd4 {[%clk 00:36:50]}
{[%emt 00:01:16]} Be6 {[%clk 00:37:19]} {[%emt 00:00:53]} 17. b3 {[%clk
00:33:22]} {[%emt 00:03:58]} a6 {[%clk 00:35:18]} {[%emt 00:02:31]} 18. Qd3
{[%clk 00:30:13]} {[%emt 00:03:39]} Red8 {[%clk 00:32:46]} {[%emt 00:03:02]}
19. Na4 {[%clk 00:25:09]} {[%emt 00:05:35]} c5 {[%clk 00:30:46]} {[%emt
00:02:29]} 20. Be3 {[%clk 00:21:51]} {[%emt 00:03:48]} Rab8 {[%clk 00:30:20]}
{[%emt 00:00:55]} 21. Nc3 {[%clk 00:19:38]} {[%emt 00:02:43]} Qd7 {[%clk
00:27:42]} {[%emt 00:03:08]} 22. Bf4 {[%clk 00:16:14]} {[%emt 00:03:54]} Ne8
{[%clk 00:25:45]} {[%emt 00:02:27]} 23. Kh2 {[%clk 00:13:41]} {[%emt 00:03:04]}
b5 {[%clk 00:24:44]} {[%emt 00:01:31]} 24. Rb1 {[%clk 00:10:33]} {[%emt
00:03:38]} Bd4 {[%clk 00:19:11]} {[%emt 00:06:02]} 25. cxb5 {[%clk 00:08:43]}
{[%emt 00:02:21]} axb5 {[%clk 00:18:58]} {[%emt 00:00:43]} 26. Be3 {[%clk
00:08:28]} {[%emt 00:00:45]} Bxe3 {[%clk 00:17:54]} {[%emt 00:01:34]} 27. Qxe3
{[%clk 00:08:51]} {[%emt 00:00:06]} Qa7 {[%clk 00:16:27]} {[%emt 00:01:57]} 28.
a4 {[%clk 00:04:27]} {[%emt 00:04:55]} bxa4 {[%clk 00:14:24]} {[%emt 00:02:32]}
29. bxa4 {[%clk 00:04:42]} {[%emt 00:00:16]} Qa5 {[%clk 00:12:28]} {[%emt
00:02:26]} 30. Rb5 {[%clk 00:03:06]} {[%emt 00:02:06]} Rxb5 {[%clk 00:12:40]}
{[%emt 00:00:18]} 31. axb5 {[%clk 00:03:35]} Bc4 {[%clk 00:12:02]} {[%emt
00:01:08]} 32. Bf1 {[%clk 00:03:44]} {[%emt 00:00:21]} Bxf1 {[%clk 00:11:14]}
{[%emt 00:01:18]} 33. Rxf1 {[%clk 00:04:12]} {[%emt 00:00:02]} Nc7 {[%clk
00:10:47]} {[%emt 00:00:56]} 34. Rb1 {[%clk 00:03:42]} {[%emt 00:01:01]} Rb8
{[%clk 00:09:29]} {[%emt 00:01:48]} 35. Qd3 {[%clk 00:03:57]} {[%emt 00:00:15]}
Qb6 {[%clk 00:07:58]} {[%emt 00:02:01]} 36. Nd5 {[%clk 00:02:06]} {[%emt
00:02:20]} Nxd5 {[%clk 00:08:02]} {[%emt 00:00:26]} 37. Qxd5 {[%clk 00:02:23]}
{[%emt 00:00:13]} Qc7 {[%clk 00:07:31]} {[%emt 00:01:02]} 38. Qc4 {[%clk
00:01:24]} {[%emt 00:01:29]} Qb6 {[%clk 00:06:12]} {[%emt 00:01:48]} 39. Qa4
{[%clk 00:00:58]} {[%emt 00:00:56]} Rb7 {[%clk 00:04:09]} {[%emt 00:02:33]} 40.
Qa8+ {[%clk 00:00:43]} {[%emt 00:00:46]} Kg7 {[%clk 00:02:34]} {[%emt
00:02:04]} 41. Qa1+ {[%clk 00:26:27]} {[%emt 00:04:47]} f6 {[%clk 00:23:33]}
{[%emt 00:09:31]} 42. Kg2 {[%clk 00:24:25]} {[%emt 00:02:31]} Ra7 {[%clk
00:22:36]} {[%emt 00:01:27]} 43. Qc3 {[%clk 00:23:23]} {[%emt 00:01:32]} Ra4
{[%clk 00:20:00]} {[%emt 00:03:06]} 44. Qc2 {[%clk 00:21:16]} {[%emt 00:02:38]}
Ra5 {[%clk 00:15:10]} {[%emt 00:05:20]} 45. Qc4 {[%clk 00:12:05]} {[%emt
00:09:41]} Ra7 {[%clk 00:13:43]} {[%emt 00:01:56]} 46. Qe6 {[%clk 00:11:51]}
{[%emt 00:00:44]} Rb7 {[%clk 00:08:59]} {[%emt 00:05:14]} 47. Rb3 {[%clk
00:10:55]} {[%emt 00:01:26]} Qc7 {[%clk 00:07:40]} {[%emt 00:01:49]} 48. Rd3
{[%clk 00:09:15]} {[%emt 00:02:10]} Rb6 {[%clk 00:07:32]} {[%emt 00:00:38]} 49.
h4 {[%clk 00:04:27]} {[%emt 00:05:18]} Qf7 {[%clk 00:06:32]} {[%emt 00:01:31]}
50. Qxf7+ {[%clk 00:03:33]} {[%emt 00:01:23]} Kxf7 {[%clk 00:06:11]} {[%emt
00:00:51]} 51. Rb3 {[%clk 00:03:56]} {[%emt 00:00:07]} Ke6 {[%clk 00:06:08]}
{[%emt 00:00:33]} 52. Kf3 {[%clk 00:04:22]} {[%emt 00:00:04]} f5 {[%clk
00:05:18]} {[%emt 00:01:21]} 53. exf5+ {[%clk 00:03:09]} {[%emt 00:01:43]} Kxf5
{[%clk 00:05:36]} {[%emt 00:00:12]} 54. g4+ {[%clk 00:03:08]} {[%emt 00:00:30]}
Kf6 {[%clk 00:04:45]} {[%emt 00:01:21]} 55. Ke4 {[%clk 00:02:49]} {[%emt
00:00:49]} Ke6 {[%clk 00:04:38]} {[%emt 00:00:37]} 56. f4 {[%clk 00:02:44]}
{[%emt 00:00:36]} d5+ {[%clk 00:04:13]} {[%emt 00:00:55]} 1/2-1/2

[Event "DEM U18w 2023"]
[Site "Willingen GER"]
[Date "2023.06.01"]
[Round "7"]
[White "Kieckbusch, Lotta"]
[Black "Doll, Rebecca"]
[Result "0-1"]
[Termination "normal"]
[Board "8"]
[WhiteElo "1308"]
[BlackElo "1918"]
[WhiteClock "00:24:19"]
[BlackClock "00:16:00"]
[PlyCount "92"]
[WhiteFideId "16214390"]
[BlackFideId "16236890"]
[EventCountry "GER"]
[EventRounds "9"]
[EventType "swiss"]
[EventDate "2023.05.27"]

1. e4 {[%clk 01:30:58]} e5 {[%clk 01:30:56]} {[%emt 00:00:05]} 2. Nf3 {[%clk
01:31:24]} {[%emt 00:00:04]} Nc6 {[%clk 01:31:19]} {[%emt 00:00:07]} 3. d4
{[%clk 01:31:50]} {[%emt 00:00:04]} exd4 {[%clk 01:31:45]} {[%emt 00:00:04]} 4.
Bc4 {[%clk 01:32:14]} {[%emt 00:00:06]} Bc5 {[%clk 01:32:09]} {[%emt 00:00:06]}
5. c3 {[%clk 01:31:43]} {[%emt 00:01:01]} Nf6 {[%clk 01:32:33]} {[%emt
00:00:06]} 6. e5 {[%clk 01:31:33]} {[%emt 00:00:40]} d5 {[%clk 01:32:55]}
{[%emt 00:00:08]} 7. Bb5 {[%clk 01:31:19]} {[%emt 00:00:44]} Ne4 {[%clk
01:33:06]} {[%emt 00:00:19]} 8. cxd4 {[%clk 01:31:25]} {[%emt 00:00:24]} Bb6
{[%clk 01:33:30]} {[%emt 00:00:06]} 9. O-O {[%clk 01:28:24]} {[%emt 00:03:30]}
O-O {[%clk 01:33:53]} {[%emt 00:00:08]} 10. Nc3 {[%clk 01:21:47]} {[%emt
00:07:07]} Bg4 {[%clk 01:33:40]} {[%emt 00:00:43]} 11. Bxc6 {[%clk 01:20:01]}
{[%emt 00:02:15]} bxc6 {[%clk 01:33:58]} {[%emt 00:00:12]} 12. Qd3 {[%clk
01:10:45]} {[%emt 00:09:47]} Bf5 {[%clk 01:26:36]} {[%emt 00:07:52]} 13. Qe2
{[%clk 01:05:10]} {[%emt 00:06:04]} f6 {[%clk 01:20:07]} {[%emt 00:06:59]} 14.
Nh4 {[%clk 00:53:25]} {[%emt 00:12:15]} fxe5 {[%clk 01:16:14]} {[%emt
00:04:23]} 15. Nxf5 {[%clk 00:53:03]} {[%emt 00:00:52]} Rxf5 {[%clk 01:06:07]}
{[%emt 00:10:37]} 16. Nxe4 {[%clk 00:53:12]} {[%emt 00:00:22]} dxe4 {[%clk
01:06:15]} {[%emt 00:00:22]} 17. Qxe4 {[%clk 00:53:07]} {[%emt 00:00:35]} Rh5
{[%clk 00:52:43]} {[%emt 00:14:02]} 18. dxe5 {[%clk 00:52:40]} {[%emt
00:00:57]} Qd5 {[%clk 00:43:23]} {[%emt 00:09:49]} 19. Qxd5+ {[%clk 00:48:19]}
{[%emt 00:04:52]} cxd5 {[%clk 00:43:47]} {[%emt 00:00:06]} 20. Bf4 {[%clk
00:43:56]} {[%emt 00:04:52]} Rf5 {[%clk 00:41:58]} {[%emt 00:02:19]} 21. Bg3
{[%clk 00:41:53]} {[%emt 00:02:33]} Re8 {[%clk 00:37:51]} {[%emt 00:04:37]} 22.
Rfe1 {[%clk 00:40:35]} {[%emt 00:01:48]} Re6 {[%clk 00:37:55]} {[%emt
00:00:26]} 23. Rad1 {[%clk 00:37:33]} {[%emt 00:03:33]} c6 {[%clk 00:38:13]}
{[%emt 00:00:12]} 24. Re2 {[%clk 00:32:53]} {[%emt 00:05:10]} Kf7 {[%clk
00:35:36]} {[%emt 00:03:06]} 25. b4 {[%clk 00:29:02]} {[%emt 00:04:22]} d4
{[%clk 00:27:59]} {[%emt 00:08:07]} 26. Rd3 {[%clk 00:26:42]} {[%emt 00:02:50]}
g5 {[%clk 00:24:39]} {[%emt 00:03:49]} 27. h3 {[%clk 00:21:41]} {[%emt
00:05:31]} Re8 {[%clk 00:19:54]} {[%emt 00:05:16]} 28. Bh2 {[%clk 00:16:57]}
{[%emt 00:05:14]} Ke6 {[%clk 00:20:14]} {[%emt 00:00:10]} 29. Rd1 {[%clk
00:13:40]} {[%emt 00:03:46]} Kd5 {[%clk 00:17:16]} {[%emt 00:03:28]} 30. g4
{[%clk 00:13:24]} {[%emt 00:00:46]} Rf7 {[%clk 00:15:40]} {[%emt 00:02:06]} 31.
Kf1 {[%clk 00:11:49]} {[%emt 00:02:05]} Re6 {[%clk 00:14:49]} {[%emt 00:01:21]}
32. a3 {[%clk 00:10:29]} {[%emt 00:01:51]} Kc4 {[%clk 00:13:18]} {[%emt
00:02:01]} 33. Red2 {[%clk 00:07:37]} {[%emt 00:03:22]} Rf3 {[%clk 00:07:00]}
{[%emt 00:06:47]} 34. Kg2 {[%clk 00:04:19]} {[%emt 00:03:49]} Rxa3 {[%clk
00:06:43]} {[%emt 00:00:46]} 35. f4 {[%clk 00:03:01]} {[%emt 00:01:48]} gxf4
{[%clk 00:07:03]} {[%emt 00:00:11]} 36. Bxf4 {[%clk 00:03:23]} {[%emt
00:00:07]} Rb3 {[%clk 00:05:23]} {[%emt 00:02:10]} 37. h4 {[%clk 00:02:51]}
{[%emt 00:01:03]} Rxb4 {[%clk 00:05:35]} {[%emt 00:00:18]} 38. Kf3 {[%clk
00:02:06]} {[%emt 00:01:14]} Kd5 {[%clk 00:05:24]} {[%emt 00:00:42]} 39. g5
{[%clk 00:01:47]} {[%emt 00:00:49]} Bc7 {[%clk 00:03:47]} {[%emt 00:02:07]} 40.
Ra2 {[%clk 00:01:15]} {[%emt 00:01:02]} a5 {[%clk 00:02:22]} {[%emt 00:01:54]}
41. Bd2 {[%clk 00:00:57]} {[%emt 00:00:48]} Rb7 {[%clk 00:25:28]} {[%emt
00:07:23]} 42. Bf4 {[%clk 00:26:07]} {[%emt 00:05:20]} c5 {[%clk 00:22:45]}
{[%emt 00:03:14]} 43. h5 {[%clk 00:25:17]} {[%emt 00:01:19]} Bxe5 {[%clk
00:15:50]} {[%emt 00:07:26]} 44. Bxe5 {[%clk 00:24:16]} {[%emt 00:01:30]} Rxe5
{[%clk 00:16:13]} {[%emt 00:00:08]} 45. Rxa5 {[%clk 00:24:15]} {[%emt
00:00:31]} Rxg5 {[%clk 00:16:08]} {[%emt 00:00:35]} 46. Rc1 {[%clk 00:24:19]}
{[%emt 00:00:26]} Rc7 {[%clk 00:16:00]} {[%emt 00:00:38]} 0-1

[Event "DEM U18w 2023"]
[Site "Willingen GER"]
[Date "2023.06.01"]
[Round "7"]
[White "Glowiak, Alexandra"]
[Black "Avetyan, Manan"]
[Result "1-0"]
[Termination "normal"]
[Board "11"]
[WhiteElo "1660"]
[BlackElo "1368"]
[WhiteClock "00:03:11"]
[BlackClock "00:10:00"]
[PlyCount "97"]
[WhiteFideId "16259530"]
[BlackFideId "16244737"]
[EventCountry "GER"]
[EventRounds "9"]
[EventType "swiss"]
[EventDate "2023.05.27"]

1. e4 {[%clk 01:30:57]} {[%emt 00:00:03]} e5 {[%clk 01:30:55]} {[%emt
00:00:06]} 2. Nf3 {[%clk 01:31:23]} {[%emt 00:00:05]} Nc6 {[%clk 01:31:20]}
{[%emt 00:00:04]} 3. Bc4 {[%clk 01:31:48]} {[%emt 00:00:05]} Bc5 {[%clk
01:31:46]} {[%emt 00:00:04]} 4. c3 {[%clk 01:32:11]} {[%emt 00:00:07]} Nf6
{[%clk 01:32:11]} {[%emt 00:00:05]} 5. d3 {[%clk 01:32:37]} {[%emt 00:00:04]}
d6 {[%clk 01:32:26]} {[%emt 00:00:16]} 6. O-O {[%clk 01:32:30]} {[%emt
00:00:36]} a6 {[%clk 01:32:02]} {[%emt 00:00:54]} 7. Bb3 {[%clk 01:32:52]}
{[%emt 00:00:08]} h6 {[%clk 01:31:57]} {[%emt 00:00:35]} 8. Re1 {[%clk
01:31:28]} {[%emt 00:01:53]} Ba7 {[%clk 01:20:15]} {[%emt 00:12:13]} 9. Bc2
{[%clk 01:20:56]} {[%emt 00:11:03]} Bg4 {[%clk 01:09:14]} {[%emt 00:11:30]} 10.
Be3 {[%clk 00:53:58]} {[%emt 00:27:28]} Bxe3 {[%clk 01:01:40]} {[%emt
00:08:04]} 11. Rxe3 {[%clk 00:52:09]} {[%emt 00:02:20]} Qd7 {[%clk 00:58:53]}
{[%emt 00:03:16]} 12. Nbd2 {[%clk 00:49:27]} {[%emt 00:03:12]} Bh5 {[%clk
00:50:09]} {[%emt 00:09:14]} 13. Nf1 {[%clk 00:44:26]} {[%emt 00:05:29]} g5
{[%clk 00:46:23]} {[%emt 00:04:18]} 14. Ng3 {[%clk 00:39:05]} {[%emt 00:05:50]}
Bg6 {[%clk 00:44:53]} {[%emt 00:02:00]} 15. d4 {[%clk 00:37:19]} {[%emt
00:02:17]} O-O-O {[%clk 00:41:13]} {[%emt 00:04:10]} 16. Qd2 {[%clk 00:28:17]}
{[%emt 00:09:31]} Qe7 {[%clk 00:36:33]} {[%emt 00:05:10]} 17. Rd1 {[%clk
00:23:10]} {[%emt 00:05:38]} Bh7 {[%clk 00:33:25]} {[%emt 00:03:38]} 18. dxe5
{[%clk 00:17:45]} {[%emt 00:05:55]} dxe5 {[%clk 00:32:06]} {[%emt 00:01:49]}
19. Qe2 {[%clk 00:14:43]} {[%emt 00:03:32]} Rhg8 {[%clk 00:27:26]} {[%emt
00:05:10]} 20. Rxd8+ {[%clk 00:09:59]} {[%emt 00:05:13]} Rxd8 {[%clk 00:25:47]}
{[%emt 00:02:09]} 21. Nf5 {[%clk 00:05:46]} {[%emt 00:04:43]} Qe6 {[%clk
00:20:56]} {[%emt 00:05:22]} 22. Bb3 {[%clk 00:05:29]} {[%emt 00:00:47]} Qd7
{[%clk 00:21:14]} {[%emt 00:00:12]} 23. Nxh6 {[%clk 00:05:19]} {[%emt
00:00:38]} Bg6 {[%clk 00:19:06]} {[%emt 00:02:39]} 24. Nxg5 {[%clk 00:04:01]}
{[%emt 00:01:48]} Rf8 {[%clk 00:05:30]} {[%emt 00:14:07]} 25. Qf3 {[%clk
00:02:03]} {[%emt 00:02:28]} Qe7 {[%clk 00:01:51]} {[%emt 00:04:09]} 26. Nf5
{[%clk 00:02:19]} {[%emt 00:00:14]} Bxf5 {[%clk 00:01:41]} {[%emt 00:00:40]}
27. Qxf5+ {[%clk 00:02:38]} {[%emt 00:00:10]} Kb8 {[%clk 00:02:08]} {[%emt
00:00:04]} 28. Nh7 {[%clk 00:01:54]} {[%emt 00:01:13]} Nxh7 29. Qxh7 {[%clk
00:02:23]} Na5 {[%clk 00:01:34]} {[%emt 00:00:31]} 30. h4 {[%clk 00:02:02]}
{[%emt 00:00:51]} Qd7 {[%clk 00:01:24]} {[%emt 00:00:42]} 31. Qh5 {[%clk
00:01:25]} {[%emt 00:01:05]} f6 {[%clk 00:00:44]} {[%emt 00:01:12]} 32. Qe2
{[%clk 00:01:17]} {[%emt 00:00:37]} Rh8 {[%clk 00:00:37]} {[%emt 00:00:37]} 33.
h5 {[%clk 00:01:26]} {[%emt 00:00:20]} Nxb3 {[%clk 00:00:43]} {[%emt 00:00:25]}
34. axb3 {[%clk 00:01:54]} {[%emt 00:00:02]} Qe6 {[%clk 00:00:50]} {[%emt
00:00:22]} 35. b4 {[%clk 00:02:09]} {[%emt 00:00:15]} Qf7 {[%clk 00:00:51]}
{[%emt 00:00:30]} 36. Rh3 {[%clk 00:02:13]} {[%emt 00:00:26]} f5 {[%clk
00:00:50]} {[%emt 00:00:31]} 37. exf5 {[%clk 00:02:08]} {[%emt 00:00:34]} Qxf5
{[%clk 00:01:19]} {[%emt 00:00:02]} 38. h6 {[%clk 00:01:28]} {[%emt 00:01:09]}
Qg5 {[%clk 00:01:07]} {[%emt 00:00:43]} 39. Qe3 {[%clk 00:01:13]} {[%emt
00:00:43]} Qf6 {[%clk 00:00:41]} {[%emt 00:00:58]} 40. h7 {[%clk 00:00:52]}
{[%emt 00:00:51]} Qf5 {[%clk 00:00:36]} {[%emt 00:00:35]} 41. Qh6 {[%clk
00:27:23]} {[%emt 00:03:58]} Qf7 {[%clk 00:26:38]} {[%emt 00:04:27]} 42. g4
{[%clk 00:19:19]} {[%emt 00:08:35]} Qd7 {[%clk 00:14:40]} {[%emt 00:12:28]} 43.
Qg6 {[%clk 00:12:57]} {[%emt 00:06:52]} Qd1+ {[%clk 00:13:47]} {[%emt
00:01:24]} 44. Kh2 {[%clk 00:07:13]} {[%emt 00:06:13]} Qf1 {[%clk 00:13:59]}
{[%emt 00:00:18]} 45. Qg8+ {[%clk 00:03:59]} {[%emt 00:03:44]} Ka7 {[%clk
00:14:27]} {[%emt 00:00:03]} 46. Rf3 {[%clk 00:03:58]} {[%emt 00:00:30]} e4
{[%clk 00:13:43]} {[%emt 00:01:14]} 47. Rf5 {[%clk 00:03:22]} {[%emt 00:01:06]}
e3 {[%clk 00:12:18]} {[%emt 00:01:56]} 48. Qxh8 {[%clk 00:02:52]} {[%emt
00:01:00]} exf2 {[%clk 00:10:00]} {[%emt 00:02:47]} 49. Qd4+ {[%clk 00:03:11]}
{[%emt 00:00:12]} 1-0